000
00251nam a2200097Ia 4500
001
641637
005
20250826153511.0
008
250824s9999 xx 000 0 und d
245
0
_a
KAHRAMANIM OLUR MUSUN? TİMAŞ
_c
ADEM DÖNMEZ
260
_b
TİMAŞ ÇOCUK
999
_c
641637
_d
641637